| 000 | 00875nam a2200205 i 4500 | ||
|---|---|---|---|
| 001 | 151075 | ||
| 003 | ES-MaACL | ||
| 005 | 20250831121729.0 | ||
| 007 | t| | ||
| 008 | 071204s1861 sp ||||1| spa d | ||
| 110 | 2 |
_aAsociación para la Reforma de los Aranceles de Aduanas _91779 |
|
| 245 | 1 | 0 |
_aPrimera sesión pública celebrada el día 1º de diciembre de 1861 / _cpresidencia del excelentísimo señor D. Luis María Pastor. |
| 260 |
_aMadrid : _b[s.n.], _c1861 ( _fImprenta de M. Galiano) |
||
| 300 |
_a11 p. ; _c32 cm. |
||
| 500 | _aAsunto de que se ocupó la sociedad: Necesidad de poner nuestra legislación arancelaria en armonía con las reformas liberales hechas en otros países. | ||
| 650 | 4 |
_aAranceles de aduanas- _zEspaña- _yS.XIX. _99930 |
|
| 700 | 1 |
_aPastor, Luis María. _989484 |
|
| 852 | 4 |
_aES-MaACL _jT-1275-F-6 |
|
| 999 |
_c151075 _d151075 |
||